Národné poistenie Časopis Slovenskej správy nemocenského poistenia

Uložené v:
Podrobná bibliografia
Médium: Seriál
Jazyk:Slovak
Vydavateľské údaje: Bratislava Práca 1990
Predmet:
Tagy: Pridať tag
Žiadne tagy, Buďte prvý, kto otaguje tento záznam!

MARC

LEADER 00000nas2a2200000 4500
001 s015026
005 20180117154300.5
041 0 |a slo 
044 |a SK 
245 1 0 |a Národné poistenie  |b Časopis Slovenskej správy nemocenského poistenia 
264 1 |a Bratislava  |b Práca  |c 1990 
300 |a 1 zv. 
773 0 |w eu_un_cat*s120069 
610 2 0 |a poistenie 
610 2 0 |a poistenie sociálne